[Event "93rd ch-GBR"]
[Site "Swansea WLS"]
[Date "2006.08.12"]
[Round "6"]
[White "Haslinger,S"]
[Black "Hebden,M"]
[Result "1/2-1/2"]
[WhiteElo "2423"]
[BlackElo "2532"]
[EventDate "2006.08.07"]

1. e4 e5 2. Nf3 Nc6 3. Bb5 a6 4. Ba4 Nf6 5. O-O Be7 6. Re1 b5 7. Bb3 O-O 8.
a4 Bb7 9. d3 d6 10. Bd2 b4 11. c3 d5 12. cxb4 dxe4 13. dxe4 Bd6 14. Nc3
Nxb4 15. Bg5 h6 16. Bh4 a5 17. Qe2 Qe7 18. Qe3 Ra6 19. Nb5 Bc5 20. Qc3 g5
21. Bg3 Nxe4 22. Qxe5 Qxe5 23. Nxe5 Nxg3 24. hxg3 Rf6 25. Ng4 Rb6 26. Rad1
Bc8 27. Ne3 Be6 28. Bxe6 fxe6 29. Nxc7 Nc2 30. Nxc2 Rxf2 31. Nxe6 Rxe6 32.
Rxe6 Rd2+ 33. Kf1 Rxd1+ 34. Ke2 Rg1 35. Ne1 Kf7 36. Re4 Be7 37. Rc4 Ke6 38.
Kf2 Rh1 39. g4 Kd5 40. b3 Bc5+ 41. Ke2 Rg1 42. Nd3 Bd6 43. Ne1 Bc5 1/2-1/2

[Event "93rd ch-GBR"]
[Site "Swansea WLS"]
[Date "2006.08.12"]
[Round "6"]
[White "Rowson,J"]
[Black "Pert,N"]
[Result "0-1"]
[WhiteElo "2579"]
[BlackElo "2503"]
[EventDate "2006.08.07"]

1. d4 d5 2. Nf3 Nf6 3. c4 c6 4. Nc3 dxc4 5. a4 Bf5 6. Ne5 e6 7. f3 Bb4 8.
Nxc4 c5 9. dxc5 Qxd1+ 10. Kxd1 O-O 11. e4 Bg6 12. Be3 Nfd7 13. Ke2 Nc6 14.
Na2 Bxc5 15. Rd1 Bxe3 16. Kxe3 Nc5 17. Nc3 f5 18. f4 fxe4 19. Nd6 Nd3 20.
g3 Rad8 21. Ndxe4 Nxb2 22. Rxd8 Rxd8 23. Nc5 b6 24. Nxe6 Re8 25. Bh3 Nd8
26. f5 Bxf5 27. Bxf5 Nxe6 28. Bxe6+ Rxe6+ 29. Kd4 Rd6+ 30. Ke4 Rc6 31. Nb5
Rc4+ 32. Kd5 Rxa4 33. Rc1 h5 34. Nd4 Ra5+ 35. Kd6 Rc5 36. Rxc5 bxc5 37.
Kxc5 Kf7 38. h3 Nd3+ 39. Kb5 Kf6 40. g4 h4 41. Nf3 g5 42. Ka6 Nf2 43. Ng1
Ke5 44. Kxa7 Kf4 0-1

[Event "93rd ch-GBR"]
[Site "Swansea WLS"]
[Date "2006.08.12"]
[Round "6"]
[White "Gormally,D"]
[Black "Arakhamia,K"]
[Result "1-0"]
[WhiteElo "2513"]
[BlackElo "2427"]
[EventDate "2006.08.07"]

1. d4 Nf6 2. c4 g6 3. Nc3 Bg7 4. e4 d6 5. Bd3 O-O 6. Nge2 Nc6 7. O-O e5 8.
d5 Nd4 9. Nxd4 exd4 10. Nb5 Re8 11. Bg5 h6 12. Bxf6 Bxf6 13. f4 a6 14. Na3
Bg7 15. Qf3 Qh4 16. h3 f5 17. Rae1 Bd7 18. Nc2 c5 19. dxc6 bxc6 20. c5 dxc5
21. exf5 Rxe1 22. Rxe1 gxf5 23. Kh2 Kh8 24. g3 Qf6 25. Qh5 Be6 26. Na3 Bf7
27. Qd1 Qg6 28. Qc2 Bd5 29. Bxf5 Qf7 30. Bg6 Qb7 31. Bd3 Bxa2 32. Nc4 Rd8
33. Re6 Bxc4 34. Bxc4 d3 35. Bxd3 Qd7 36. Bc4 Qd4 37. Qe2 Qd7 38. b3 a5 39.
h4 Rf8 40. Qh5 Qd4 41. Rxh6+ 1-0

[Event "93rd ch-GBR"]
[Site "Swansea WLS"]
[Date "2006.08.12"]
[Round "6"]
[White "Gordon,S"]
[Black "Williams,Si"]
[Result "0-1"]
[WhiteElo "2443"]
[BlackElo "2473"]
[EventDate "2006.08.07"]

1. d4 e6 2. c4 f5 3. Nc3 Nf6 4. Qc2 Bb4 5. e3 O-O 6. Bd3 d6 7. Nge2 Nc6 8.
O-O Bxc3 9. Qxc3 e5 10. d5 Ne7 11. f4 Ng6 12. b3 Qe7 13. Ng3 Ng4 14. h3
Nxe3 15. Bxe3 exf4 16. Bxf4 Nxf4 17. Bxf5 Rxf5 18. Nxf5 Ne2+ 19. Kh2 Bxf5
20. Rae1 Bg6 21. g4 Re8 0-1

[Event "93rd ch-GBR"]
[Site "Swansea WLS"]
[Date "2006.08.12"]
[Round "6"]
[White "Ashton,A"]
[Black "Davies,Ni"]
[Result "1/2-1/2"]
[WhiteElo "2329"]
[BlackElo "2512"]
[EventDate "2006.08.07"]

1. e4 e5 2. Nf3 Nc6 3. Bb5 a6 4. Ba4 d6 5. Bxc6+ bxc6 6. d4 exd4 7. Qxd4 c5
8. Qd3 Ne7 9. Nc3 Ng6 10. h4 h5 11. Bg5 Be7 12. Bxe7 Qxe7 13. Nd5 Qd8 14.
O-O-O Bg4 15. Qc3 O-O 16. Ne3 Re8 17. Nf5 Bxf5 18. exf5 Nf4 19. Kb1 Ne2 20.
Qd2 Qf6 21. Qg5 Rab8 22. Qxf6 gxf6 23. Ka1 Nd4 24. Nxd4 cxd4 25. Rxd4 Re2
26. Rc4 Rb5 27. g4 Rc5 28. Rxc5 dxc5 29. f3 Rxc2 30. Kb1 Rf2 31. Rh3 Rg2
32. gxh5 Rf2 33. Rg3+ Kh7 34. a4 1/2-1/2

[Event "93rd ch-GBR"]
[Site "Swansea WLS"]
[Date "2006.08.12"]
[Round "6"]
[White "Khandelwal,A"]
[Black "Pert,R"]
[Result "0-1"]
[WhiteElo "1974"]
[BlackElo "2445"]
[EventDate "2006.08.07"]

1. e4 c5 2. d4 cxd4 3. c3 dxc3 4. Nxc3 Nc6 5. Nf3 d6 6. Bc4 a6 7. a4 Nf6 8.
h3 e6 9. Qe2 Be7 10. O-O O-O 11. Rd1 e5 12. Be3 Be6 13. Nd5 Bxd5 14. exd5
Nb8 15. Nh4 Ne8 16. Nf5 g6 17. Nh6+ Kh8 18. f4 Nd7 19. Ng4 f5 20. Nxe5 dxe5
21. fxe5 Nxe5 22. Bd4 Bf6 23. Bxe5 Nd6 24. Bxd6 Qxd6 25. Kh1 Rae8 26. Qd3
Re4 27. Rac1 Rfe8 28. b3 Re3 29. Qf1 Qg3 30. Qg1 Be5 31. b4 Bd6 32. Rb1 Kg7
33. Bf1 R8e4 34. a5 Kh6 35. b5 axb5 36. Bxb5 Rh4 37. Bf1 Re2 0-1

[Event "93rd ch-GBR"]
[Site "Swansea WLS"]
[Date "2006.08.12"]
[Round "6"]
[White "Rendle,T"]
[Black "Sugden,J"]
[Result "1/2-1/2"]
[WhiteElo "2390"]
[BlackElo "2166"]
[EventDate "2006.08.07"]

1. e4 c5 2. Nf3 e6 3. b3 d6 4. Bb2 Nf6 5. e5 dxe5 6. Nxe5 Be7 7. f4 O-O 8.
Bd3 Nbd7 9. Qf3 Nxe5 10. fxe5 Nd5 11. Nc3 Nxc3 12. Bxc3 Rb8 13. h4 Qd5 14.
Be4 Qd7 15. Qh5 g6 16. Qg4 b5 17. h5 g5 18. h6 Kh8 19. O-O-O Bb7 20. d3 Qc7
21. Bxb7 Rxb7 22. Rh5 Rg8 23. d4 cxd4 24. Bxd4 Qc6 25. Rd3 Rc7 26. Rc3 Qb7
27. Rxc7 Qxc7 28. Qe4 Qa5 29. Kb1 Qd2 30. Rh1 Rc8 31. Bb2 Rd8 32. Rc1 Kg8
33. Qb7 Qd7 34. Qf3 Rf8 35. Rd1 Qc7 36. g4 b4 37. Rd3 Rd8 38. Qe4 Rxd3 39.
cxd3 Bf8 40. Qa8 Qc5 41. d4 1/2-1/2

[Event "93rd ch-GBR"]
[Site "Swansea WLS"]
[Date "2006.08.12"]
[Round "6"]
[White "Thomas,Ni"]
[Black "Knott,S"]
[Result "1/2-1/2"]
[WhiteElo "2299"]
[BlackElo "2387"]
[EventDate "2006.08.07"]

1. e4 e6 2. d4 d5 3. Nd2 c5 4. exd5 Qxd5 5. Ngf3 cxd4 6. Bc4 Qd6 7. O-O Nf6
8. Nb3 Nc6 9. Nbxd4 Nxd4 10. Nxd4 a6 11. Re1 Qc7 12. Bb3 Bd6 13. Nf5 Bxh2+
14. Kh1 O-O 15. Nxg7 Rd8 16. Qf3 Kxg7 17. Bh6+ Kg6 18. c3 e5 19. Bc2+ e4
20. Rxe4 Nxe4 21. Qxe4+ Kxh6 22. Qxh7+ Kg5 23. Qg7+ Kh5 24. Qh7+ Kg5
1/2-1/2

[Event "93rd ch-GBR"]
[Site "Swansea WLS"]
[Date "2006.08.12"]
[Round "6"]
[White "Buckley,G"]
[Black "Varley,P"]
[Result "1-0"]
[WhiteElo "2379"]
[BlackElo "2228"]
[EventDate "2006.08.07"]

1. d4 e6 2. c4 Nf6 3. Nc3 d5 4. Bg5 Be7 5. Nf3 O-O 6. e3 h6 7. Bh4 Ne4 8.
Bxe7 Qxe7 9. Rc1 Nxc3 10. Rxc3 c6 11. Bd3 Nd7 12. O-O dxc4 13. Bxc4 b6 14.
Bd3 c5 15. Be4 Rb8 16. Qc2 Bb7 17. Bxb7 Rxb7 18. Rd1 a5 19. a4 Qe8 20. d5
exd5 21. Rxd5 Nf6 22. Rd1 Rd7 23. Rxd7 Qxd7 24. Rd3 Qe6 25. Nd2 Rc8 26. h3
g6 27. Nc4 Rc6 28. Rd8+ Kh7 29. Qc3 Qe7 30. Qd3 Re6 31. Rb8 Ne4 32. Qd8
Qxd8 33. Rxd8 Nf6 34. f3 Kg7 35. Kf2 Re7 36. Nxb6 Rb7 37. Rd6 Ne8 38. Rc6
Nc7 39. Ke2 Na6 40. Nc4 Rb4 41. Kd3 Rb3+ 42. Kd2 Rb4 43. Rxa6 Rxc4 44. Rxa5
1-0

[Event "93rd ch-GBR"]
[Site "Swansea WLS"]
[Date "2006.08.12"]
[Round "6"]
[White "Cobb,J"]
[Black "Constantinou,P"]
[Result "1-0"]
[WhiteElo "2370"]
[BlackElo "2148"]
[EventDate "2006.08.07"]

1. d4 Nf6 2. Nf3 g6 3. g3 d6 4. Bg2 Bg7 5. O-O O-O 6. c4 Nc6 7. Nc3 a6 8.
d5 Na5 9. Nd2 c5 10. Qc2 Rb8 11. b3 b5 12. Bb2 Bf5 13. e4 Bd7 14. Rab1 e5
15. dxe6 Bxe6 16. Nd5 bxc4 17. bxc4 Nc6 18. Rfd1 Nb4 19. Nxb4 Rxb4 20. a3
Rb8 21. Nf1 Qc7 22. h3 Nh5 23. Ne3 Rfd8 24. Bxg7 Nxg7 25. Qc3 Ne8 26. f4 f6
27. h4 Rxb1 28. Rxb1 Rb8 29. Rxb8 Qxb8 30. g4 Bf7 31. f5 Qd8 32. fxg6 hxg6
33. Qb2 Qa5 34. Kf2 Qc7 35. Bf3 Qe7 36. Qb6 Nc7 37. Kg2 Kg7 38. a4 Be6 39.
a5 g5 40. h5 Qd7 41. Kg3 Qd8 42. Bd1 Qe7 43. Ba4 Bc8 44. Kf3 Kh7 45. Bc6
Ne6 46. Nf5 Nd4+ 47. Nxd4 cxd4 48. Qxd4 Qe6 49. e5 fxe5 50. Qe4+ Kg7 51.
Kg3 Qf7 52. Bd5 Qf6 53. Kg2 Kh6 54. Kg3 Kg7 55. Qf3 Qf4+ 56. Qxf4 exf4+ 57.
Kf3 Kf6 58. Be4 Kg7 59. Bf5 Bxf5 60. gxf5 Kh6 61. f6 Kh7 62. Ke4 Kh6 63.
Kd5 f3 64. f7 Kg7 65. Ke6 1-0

[Event "93rd ch-GBR"]
[Site "Swansea WLS"]
[Date "2006.08.12"]
[Round "6"]
[White "Addison,B"]
[Black "Taylor,Mart"]
[Result "0-1"]
[WhiteElo "2241"]
[BlackElo "2332"]
[EventDate "2006.08.07"]

1. d4 d5 2. c4 e6 3. g3 Nf6 4. Bg2 dxc4 5. Nf3 Nc6 6. O-O Rb8 7. Nc3 b5 8.
Ne5 Nxe5 9. dxe5 Nd7 10. Bc6 a6 11. Qd4 Bb7 12. Bxb7 Rxb7 13. Rd1 c5 14.
Qg4 Qc7 15. Bf4 Qc6 16. f3 f5 17. exf6 Nxf6 18. Qg5 Be7 19. Qxg7 Rg8 20.
Qh6 Rg6 21. Qh3 b4 22. Nb1 Rd7 23. Nd2 Qd5 24. Qf1 Qf5 25. Kh1 e5 26. e4
Qh5 27. g4 Rxg4 28. fxg4 Nxg4 29. Nf3 Rxd1 30. Rxd1 exf4 31. Qe2 Nxh2 32.
Kg2 Ng4 33. Rg1 Ne3+ 34. Kf2 Bh4+ 35. Nxh4 Qxh4+ 36. Kf3 Qh5+ 37. Kf2 Qh2+
0-1

[Event "93rd ch-GBR"]
[Site "Swansea WLS"]
[Date "2006.08.12"]
[Round "6"]
[White "Surtees,M"]
[Black "Palliser,R"]
[Result "0-1"]
[WhiteElo "2182"]
[BlackElo "2413"]
[EventDate "2006.08.07"]

1. e4 e5 2. a3 Nf6 3. d3 d5 4. f4 Nc6 5. fxe5 Nxe5 6. d4 Neg4 7. exd5 Nxd5
8. Qe2+ Be7 9. h3 Ngf6 10. Qf3 O-O 11. Bd3 c5 12. c4 Nc7 13. d5 b5 14. b3
bxc4 15. bxc4 Nd7 16. Bf4 Bh4+ 17. g3 Bf6 18. Ra2 Ne5 19. Bxe5 Bxe5 20. Ne2
Qg5 21. Nd2 f5 22. O-O Bd7 23. Rf2 Rae8 24. Nf1 Qh6 25. Rh2 Rb8 26. Bc2 Ne8
27. Qf2 Qd6 28. a4 g6 29. Qf3 Nf6 30. Nd2 Rfe8 31. Rg2 Rf8 32. Kh1 Rbe8 33.
Qa3 Nh5 34. Nf1 f4 35. gxf4 Nxf4 36. Nxf4 Rxf4 37. Qd3 Ref8 38. Nd2 Bd4 39.
Bd1 Qe5 40. Be2 Rh4 41. Ra3 Qf4 42. Rh2 Bf5 43. Qg3 Qxd2 0-1

[Event "93rd ch-GBR"]
[Site "Swansea WLS"]
[Date "2006.08.12"]
[Round "6"]
[White "Hodgson,Jo"]
[Black "Rudd,J"]
[Result "1-0"]
[WhiteElo "2218"]
[BlackElo "2328"]
[EventDate "2006.08.07"]

1. e4 c5 2. Nf3 d6 3. d4 cxd4 4. Nxd4 Nf6 5. Nc3 a6 6. a4 e6 7. Be2 Be7 8.
f4 O-O 9. O-O Nc6 10. Be3 Qc7 11. Kh1 Bd7 12. Nb3 b6 13. Bf3 Rab8 14. Qe2
Bc8 15. Bf2 Nd7 16. Rfc1 Re8 17. Qf1 Bf8 18. Nd1 g6 19. Ne3 Bg7 20. c3 Bb7
21. Rd1 Nc5 22. Nxc5 bxc5 23. Nc4 Red8 24. Bh4 Rd7 25. a5 f5 26. exf5 gxf5
27. Qe2 e5 28. Nb6 e4 29. Bh5 d5 30. Nxd5 Rxd5 31. Rxd5 Nb4 32. Rxf5 Nd3
33. Rf7 Qc8 34. f5 Bd5 35. Rxg7+ Kxg7 36. Qg4+ Kf8 37. Qg5 Rxb2 38. f6 Qb7
39. Rf1 e3 40. f7 Bxg2+ 41. Kg1 Bxf1 42. Qg8+ 1-0

[Event "93rd ch-GBR"]
[Site "Swansea WLS"]
[Date "2006.08.12"]
[Round "6"]
[White "Roberson,P"]
[Black "Ledger,D"]
[Result "1-0"]
[WhiteElo "2122"]
[BlackElo "2274"]
[EventDate "2006.08.07"]

1. e4 e5 2. Nf3 Nc6 3. Bb5 a6 4. Bxc6 dxc6 5. O-O Qf6 6. d4 exd4 7. e5 Qg6
8. Qxd4 Bg4 9. Nbd2 Be7 10. Qc3 h5 11. Re1 h4 12. e6 f6 13. Nd4 Rd8 14.
N2b3 h3 15. g3 Qh5 16. f3 Qd5 17. Kf2 Bh5 18. a3 g5 19. Ne2 c5 20. Nd2 Bg6
21. Ng1 Qd4+ 22. Re3 b5 23. Ne4 f5 24. Ne2 Qxc3 25. N4xc3 Bf6 26. f4 g4 27.
Rd3 Rxd3 28. cxd3 c6 29. Be3 Be7 30. d4 c4 31. d5 cxd5 32. Nxd5 Nf6 33.
Nec3 Nxd5 34. Nxd5 Bd8 35. Bc5 Ba5 36. Rd1 Bd8 37. e7 Ba5 38. Bd4 Rh7 39.
Nf6+ Kxe7 40. Nxh7 Bxh7 41. Bc5+ Ke8 42. Rd6 Bc7 43. Rf6 Bd8 44. Rxa6 Bg8
45. Ke3 1-0

[Event "93rd ch-GBR"]
[Site "Swansea WLS"]
[Date "2006.08.12"]
[Round "6"]
[White "Ledger,S"]
[Black "Mason,D"]
[Result "1/2-1/2"]
[WhiteElo "2177"]
[BlackElo "2266"]
[EventDate "2006.08.07"]

1. Nf3 Nf6 2. d4 d6 3. Bf4 g6 4. h3 Bg7 5. e3 O-O 6. Be2 Nfd7 7. O-O e5 8.
Bh2 Nc6 9. c3 h6 10. Nbd2 Qe7 11. dxe5 dxe5 12. Qc2 f5 13. a4 g5 14. Nc4 a5
15. Na3 Nc5 16. Nd2 e4 17. Nb3 Be5 18. Nxc5 Qxc5 19. Qb3+ Kg7 20. Rad1
Bxh2+ 21. Kxh2 Qe5+ 22. Kg1 Ne7 23. Nc4 Qc5 24. Qb5 Qxb5 25. axb5 Be6 26.
b6 cxb6 27. Nxb6 Rad8 28. Bc4 Kf6 29. Bxe6 Kxe6 30. Nc4 Nc6 31. Rfe1 b5
1/2-1/2

[Event "93rd ch-GBR"]
[Site "Swansea WLS"]
[Date "2006.08.12"]
[Round "6"]
[White "Fowler,S"]
[Black "Eggleston,D"]
[Result "1-0"]
[WhiteElo "2181"]
[BlackElo "2232"]
[EventDate "2006.08.07"]

1. d4 e6 2. e4 d5 3. Nd2 c5 4. exd5 exd5 5. Ngf3 a6 6. dxc5 Bxc5 7. Nb3 Bb6
8. Bg5 Nf6 9. Qe2+ Be6 10. Nfd4 Qe7 11. O-O-O Nc6 12. Kb1 O-O 13. Be3 Nxd4
14. Bxd4 Nd7 15. Qe3 Bc7 16. Bd3 Qd6 17. Rhe1 h6 18. Nc5 Rfe8 19. Nxb7 Qc6
20. f4 Qxb7 21. f5 Nf8 22. fxe6 Rxe6 23. Qf3 Rae8 24. Qg4 Be5 25. Rxe5 Rxe5
26. Bxe5 Rxe5 27. Qa4 Re6 28. Rf1 Nd7 29. Qd4 Nf6 30. a3 Qc7 31. g3 Qe7 32.
Ka2 Qb7 33. g4 Ne8 34. Rf5 Nc7 35. c4 g6 36. Rf2 Rd6 37. Qc5 dxc4 38. Bxc4
Rd7 39. Rf6 Qe4 40. Bb3 Qxg4 41. Rxf7 Rxf7 42. Qxc7 Qf5 43. Qxf7+ Qxf7 44.
Bxf7+ Kxf7 45. Kb3 Ke6 46. Kc4 g5 47. Kd4 Kf5 48. b4 g4 49. a4 h5 50. b5
axb5 51. a5 b4 52. a6 b3 53. Kc3 h4 54. a7 g3 55. hxg3 hxg3 56. a8=Q Kg4
57. Qg2 b2 58. Kxb2 1-0

[Event "93rd ch-GBR"]
[Site "Swansea WLS"]
[Date "2006.08.12"]
[Round "6"]
[White "Corke,A"]
[Black "Houska,Jo"]
[Result "0-1"]
[WhiteElo "2179"]
[BlackElo "2364"]
[EventDate "2006.08.07"]

1. d4 d5 2. c4 c6 3. Nf3 Nf6 4. Qc2 dxc4 5. e4 b5 6. b3 cxb3 7. axb3 e6 8.
Bd2 Bb7 9. Bd3 Nbd7 10. O-O a6 11. Ba5 Qb8 12. Nbd2 Be7 13. b4 e5 14. dxe5
Nxe5 15. Nxe5 Qxe5 16. Nf3 Qh5 17. Nd4 g6 18. Bc7 Rc8 19. Bf4 c5 20. bxc5
Qxc5 21. Qb2 O-O 22. Rac1 Qb4 23. Qxb4 Bxb4 24. e5 Nh5 25. Bh6 Rfd8 26.
Rxc8 Rxc8 27. Be2 Ng7 28. Bg4 Rd8 29. Nc2 Be7 30. Ne3 Ne6 31. Rc1 Rd7 32.
Kf1 b4 33. f4 Rc7 34. Rd1 b3 35. Rb1 Nd4 36. f5 Be4 37. Rb2 Ba3 0-1

[Event "93rd ch-GBR"]
[Site "Swansea WLS"]
[Date "2006.08.12"]
[Round "6"]
[White "Sowray,P"]
[Black "Roberts,DL"]
[Result "1/2-1/2"]
[WhiteElo "2357"]
[BlackElo "2126"]
[EventDate "2006.08.07"]

1. e4 e5 2. Nf3 Nc6 3. Bb5 a6 4. Ba4 Nf6 5. O-O Nxe4 6. d4 b5 7. Bb3 d5 8.
dxe5 Be6 9. Qe2 Be7 10. Rd1 O-O 11. c4 bxc4 12. Bxc4 Qd7 13. Nc3 Nxc3 14.
bxc3 f6 15. exf6 Bxf6 16. Bg5 Kh8 17. Bxf6 Rxf6 18. Ng5 Na5 19. Bd3 Bg4 20.
f3 Bf5 21. Re1 h6 22. Bxf5 Qxf5 23. Nh3 Nc4 24. Nf2 Rb8 25. Nd3 Rfb6 26.
Rad1 a5 27. Qe7 Rg6 28. Qe2 Qf6 29. Kh1 Qg5 1/2-1/2

[Event "93rd ch-GBR"]
[Site "Swansea WLS"]
[Date "2006.08.12"]
[Round "6"]
[White "Britton,R"]
[Black "Shaw,P"]
[Result "1-0"]
[WhiteElo "2288"]
[BlackElo "2122"]
[EventDate "2006.08.07"]

1. e4 e6 2. d3 d5 3. Nd2 Nf6 4. Ngf3 c5 5. g3 Nc6 6. Bg2 Be7 7. O-O O-O 8.
Re1 b5 9. e5 Nd7 10. h4 a5 11. Nf1 b4 12. Bg5 Bxg5 13. hxg5 Qc7 14. Qe2 Ba6
15. Qe3 a4 16. N1h2 b3 17. c3 bxa2 18. Rxa2 Rfb8 19. Rxa4 Rxb2 20. Ng4 Ne7
21. Rea1 Qc6 22. Qc1 Rbb8 23. Qd2 Bb5 24. Rxa8 Rxa8 25. Rxa8+ Qxa8 26. d4
Qa1+ 27. Kh2 c4 28. Nf6+ Kh8 29. Qf4 Ng6 30. Qe3 gxf6 31. gxf6 Qa3 32. Ng5
Qf8 33. f4 Ba4 34. f5 Qh6+ 35. Kg1 Kg8 36. fxg6 hxg6 37. Qf4 Nf8 38. Nxe6
Qh5 39. Nxf8 Kxf8 40. Bf3 Qh3 41. Bg4 g5 42. Bxh3 gxf4 43. gxf4 Kg8 44. e6
Bc6 45. e7 Kh7 46. Bf5+ Kh6 47. Kf2 Kh5 48. Kg3 Be8 49. Kf3 Bc6 50. Ke3 Bb5
51. Be6 Kg6 52. Bxd5 Kxf6 53. Bxc4 Bd7 54. Bd3 Kxe7 55. d5 f6 56. Kd4 Kd6
57. c4 Bh3 58. c5+ Kd7 59. Bb5+ Ke7 60. d6+ Ke6 61. Bc4+ Kd7 62. Bd5 Bf1
63. Kc3 Be2 64. Kb4 Bd1 65. Kb5 Bc2 66. Kb6 Bf5 67. Bc6+ Kc8 68. Bb5 Bg4
69. c6 1-0

[Event "93rd ch-GBR"]
[Site "Swansea WLS"]
[Date "2006.08.12"]
[Round "6"]
[White "Snape,I"]
[Black "Poobalasingam,P"]
[Result "1/2-1/2"]
[WhiteElo "2241"]
[BlackElo "2068"]
[EventDate "2006.08.07"]

1. c4 e6 2. g3 Nf6 3. Bg2 Be7 4. Nf3 O-O 5. b3 d5 6. Bb2 b6 7. O-O Bb7 8.
d3 c5 9. e3 Nc6 10. Qe2 Qc7 11. Nc3 Rac8 12. Rac1 dxc4 13. bxc4 Qb8 14.
Rfd1 Qa8 15. Ba3 Rfd8 16. e4 Nd7 17. h3 Bf6 18. Nb5 Nde5 19. Nxe5 Bxe5 20.
f4 Nd4 21. Nxd4 Bxd4+ 22. Kh2 Rd7 23. Rf1 Rcd8 24. Rcd1 Bc6 25. Qc2 Qb7 26.
f5 exf5 27. Rxf5 Qa6 28. Qc1 f6 29. Re1 Be5 30. Bf1 Qa5 31. Be2 1/2-1/2

[Event "93rd ch-GBR"]
[Site "Swansea WLS"]
[Date "2006.08.12"]
[Round "6"]
[White "Bonafont,P"]
[Black "Pym,T"]
[Result "1-0"]
[WhiteElo "2118"]
[BlackElo "2114"]
[EventDate "2006.08.07"]

1. d4 g6 2. c4 Bg7 3. Nc3 c5 4. Nf3 cxd4 5. Nxd4 Nc6 6. Nb3 Nf6 7. e4 O-O
8. Be2 d6 9. O-O Ne5 10. Be3 Be6 11. Nd2 Qb8 12. h3 Qc8 13. Nd5 Bxd5 14.
cxd5 b5 15. Rc1 Qb7 16. Qb3 Rab8 17. Rc2 e6 18. dxe6 Nxe4 19. exf7+ Rxf7
20. Nxe4 Qxe4 21. Rfc1 h5 22. Rc7 Rb7 23. f3 1-0

[Event "93rd ch-GBR"]
[Site "Swansea WLS"]
[Date "2006.08.12"]
[Round "6"]
[White "Briscoe,C"]
[Black "Bennet,W"]
[Result "1-0"]
[WhiteElo "2137"]
[BlackElo "2180"]
[EventDate "2006.08.07"]

1. e4 c5 2. Nf3 Nc6 3. Bb5 g6 4. Bxc6 dxc6 5. d3 Bg7 6. h3 Nf6 7. Nc3 Nd7
8. Be3 e5 9. Qd2 h5 10. O-O-O Qe7 11. Ne2 Nf8 12. Kb1 Be6 13. Qc3 b6 14. d4
exd4 15. Bxd4 f6 16. e5 cxd4 17. Qxc6+ Kf7 18. Qxa8 fxe5 19. Rhe1 Qc7 20.
Qe4 Bf6 21. g4 hxg4 22. hxg4 Qc5 23. Nc1 Bd5 24. Nxe5+ Ke6 25. Qe2 Kd6 26.
g5 Bxa2+ 27. Nxa2 Bxe5 28. b4 Qd5 29. Nc3 Qe6 30. Nb5+ Kd5 31. c4+ Kc6 32.
Qe4+ Kd7 33. Qb7+ Kd8 34. Rxd4+ Nd7 35. Rxe5 Rh1+ 36. Kb2 1-0

[Event "93rd ch-GBR"]
[Site "Swansea WLS"]
[Date "2006.08.12"]
[Round "6"]
[White "Tippleston,C"]
[Black "Chevannes,S"]
[Result "1-0"]
[WhiteElo "2203"]
[BlackElo "2080"]
[EventDate "2006.08.07"]

1. e4 c6 2. d4 d5 3. Nd2 dxe4 4. Nxe4 Nd7 5. Bc4 Ngf6 6. Nxf6+ Nxf6 7. c3
Qc7 8. Qb3 e6 9. Nf3 Bd6 10. O-O O-O 11. Re1 h6 12. Ne5 c5 13. f4 b6 14.
dxc5 Bxc5+ 15. Be3 Bxe3+ 16. Rxe3 Qc5 17. Rae1 Nd5 18. Bxd5 exd5 19. Qd1
Be6 20. Kh1 Rad8 21. Rd3 Qf2 22. Qd2 Qxd2 23. Rxd2 Rc8 24. Rd4 Rfe8 25. Kg1
f6 26. Nf3 Bf7 27. Kf2 Kf8 28. a3 Re7 29. Rxe7 Kxe7 30. Rd2 Rc5 31. Nd4 Bg6
32. f5 Bf7 33. Ke3 Kd7 34. Kf4 Rc8 35. Rd3 a6 36. Re3 Kd6 37. g4 Kd7 38. h4
Re8 39. Rxe8 Kxe8 40. Ke3 Kd7 41. Ne2 Kd6 42. Kd4 Kc6 43. Nf4 Kd6 44. b4
Kc6 45. Ne6 Bxe6 46. fxe6 Kd6 47. e7 Kxe7 48. Kxd5 b5 49. c4 bxc4 50. Kxc4
g6 51. Kd5 h5 52. gxh5 gxh5 53. a4 Kd7 54. b5 axb5 55. axb5 Kc7 56. Ke6 Kb6
57. Kxf6 Kxb5 58. Kg5 Kc6 59. Kxh5 Kd6 60. Kg6 Ke7 61. Kg7 1-0

[Event "93rd ch-GBR"]
[Site "Swansea WLS"]
[Date "2006.08.12"]
[Round "6"]
[White "Hughes,Ro"]
[Black "Moyse,N"]
[Result "0-1"]
[WhiteElo "2071"]
[BlackElo "2036"]
[EventDate "2006.08.07"]

1. d4 Nf6 2. Nf3 g6 3. e3 Bg7 4. Bd3 d6 5. O-O O-O 6. Nbd2 c5 7. c3 Qc7 8.
Qe2 Nc6 9. e4 cxd4 10. Nxd4 Ng4 11. N2f3 Nge5 12. Nxc6 Nxf3+ 13. Qxf3 bxc6
14. Bg5 f5 15. Qe3 e5 16. exf5 Bxf5 17. b4 d5 18. Rad1 Bxd3 19. Rxd3 e4 20.
Rdd1 Qe5 21. Rc1 a5 22. a3 axb4 23. cxb4 d4 24. Qb3+ Qd5 25. Qxd5+ cxd5 26.
Ra1 d3 27. Ra2 Rfc8 28. Rc1 Rc4 29. Kf1 Rxb4 30. Ke1 Rc4 31. a4 Rxc1+ 32.
Bxc1 Kf7 33. a5 Ra6 34. Bd2 Ke6 35. f3 h5 36. Ra4 Kf5 37. Kf2 Bf8 38. Be3
Be7 39. h3 h4 40. Ke1 Bd6 41. Kd2 g5 42. Ra2 Bb4+ 0-1

[Event "93rd ch-GBR"]
[Site "Swansea WLS"]
[Date "2006.08.12"]
[Round "6"]
[White "Thomas,Jos"]
[Black "Goodger,M"]
[Result "0-1"]
[WhiteElo "2029"]
[BlackElo "2128"]
[EventDate "2006.08.07"]

1. e4 e5 2. Bc4 Nf6 3. Nf3 Nxe4 4. Nc3 Nxc3 5. dxc3 f6 6. O-O Nc6 7. Nh4 g6
8. f4 Qe7 9. Kh1 d6 10. f5 Qg7 11. g4 Be7 12. Bd5 Bd7 13. Be3 Nd8 14. Qd2
g5 15. Nf3 c6 16. Bb3 d5 17. Qf2 Nf7 18. Bxa7 h5 19. Qb6 Nd6 20. Qg1 hxg4
21. Nd2 g3 22. h4 gxh4 23. Bc5 Nxf5 24. Bxe7 Qxe7 25. Rae1 O-O-O 26. Qa7 h3
27. Qa8+ Kc7 28. Qa5+ Kb8 0-1

[Event "93rd ch-GBR"]
[Site "Swansea WLS"]
[Date "2006.08.12"]
[Round "6"]
[White "Cannon,Ri"]
[Black "Nicholson,Jo"]
[Result "1-0"]
[WhiteElo "2102"]
[BlackElo "1945"]
[EventDate "2006.08.07"]

1. e4 e6 2. d4 d5 3. Nc3 Bb4 4. exd5 exd5 5. Bd3 Nf6 6. Bg5 h6 7. Bh4 Be6
8. Nge2 c5 9. dxc5 Bxc5 10. O-O Nc6 11. Qd2 a6 12. Kh1 g5 13. Bg3 Ng4 14.
h3 Nge5 15. f4 gxf4 16. Qxf4 Qg5 17. Bh4 Nxd3 18. cxd3 Qg6 19. Qf6 Rg8 20.
Qxg6 Rxg6 21. Nf4 1-0

[Event "93rd ch-GBR"]
[Site "Swansea WLS"]
[Date "2006.08.13"]
[Round "7"]
[White "Hebden,M"]
[Black "Pert,N"]
[Result "1/2-1/2"]
[WhiteElo "2532"]
[BlackElo "2503"]
[EventDate "2006.08.07"]

1. d4 d5 2. Nf3 Nf6 3. c4 c6 4. e3 Bg4 5. h3 Bxf3 6. Qxf3 e6 7. Nc3 Nbd7 8.
Bd2 Bd6 9. g4 Bb4 10. O-O-O Nb6 11. cxd5 cxd5 12. Bb5+ Nfd7 13. Kb1 O-O 14.
Rc1 1/2-1/2

[Event "93rd ch-GBR"]
[Site "Swansea WLS"]
[Date "2006.08.13"]
[Round "7"]
[White "Williams,Si"]
[Black "Gormally,D"]
[Result "0-1"]
[WhiteElo "2473"]
[BlackElo "2513"]
[EventDate "2006.08.07"]

1. d4 Nf6 2. c4 e6 3. Nf3 b6 4. g3 Ba6 5. b3 b5 6. Bg2 bxc4 7. Ne5 Bb4+ 8.
Bd2 cxb3 9. Nc3 b2 10. Rb1 Bxc3 11. Bxc3 Nd5 12. Bxb2 O-O 13. O-O d6 14.
Nd3 Nd7 15. e4 N5b6 16. Re1 Rb8 17. Ba1 d5 18. Qc2 dxe4 19. Nc5 Bd3 20.
Nxd3 exd3 21. Qxd3 Nf6 22. h3 Nbd5 23. Rxb8 Qxb8 24. Rb1 Qa8 25. Qb5 h6 26.
a4 a6 27. Qb7 a5 28. Qxa8 Rxa8 29. Rb5 c6 30. Rc5 Ra6 31. Bf1 Rb6 32. Bd3
Rb3 33. Bc2 Ra3 34. Bb2 Ra2 35. Rxc6 g6 36. Bc1 Ra1 37. Bb3 Rb1 38. Ba2 Ra1
39. Bb3 Nb4 40. Rc8+ Kg7 41. Kg2 Rb1 42. Bxe6 fxe6 43. Rc7+ Kg8 44. Bxh6
Nbd5 45. Rg7+ Kh8 46. Ra7 Rb2 47. Bg7+ Kg8 48. Bxf6 Nxf6 49. Rxa5 Rb4 50.
Ra8+ Kf7 51. Ra7+ Kf8 52. Ra8+ Ke7 53. a5 Rxd4 54. a6 Ra4 55. a7 Ne8 56. f4
Nc7 57. Rh8 Rxa7 58. h4 Kf6 59. Rh7 Ra2+ 60. Kh3 Nd5 61. h5 Ra3 62. Kh2 g5
63. Rh6+ Kf5 64. fxg5 e5 65. Rd6 Ne3 66. g6 Ng4+ 67. Kg2 Ra2+ 68. Kg1 Ra7
69. Rd8 Kg5 70. Rh8 Nf6 71. g4 Nxg4 72. Rh7 Ra8 73. Kg2 Re8 74. Kf3 e4+ 75.
Ke2 Nf6 76. Rf7 Nxh5 77. g7 Rg8 78. Ke3 Nf6 0-1

[Event "93rd ch-GBR"]
[Site "Swansea WLS"]
[Date "2006.08.13"]
[Round "7"]
[White "Taylor,Mart"]
[Black "Rowson,J"]
[Result "1/2-1/2"]
[WhiteElo "2332"]
[BlackElo "2579"]
[EventDate "2006.08.07"]

1. c4 b6 2. Nc3 Bb7 3. e4 e5 4. d3 Nc6 5. g3 Bc5 6. Bg2 Nge7 7. Nge2 O-O 8.
O-O f5 9. Be3 Nd4 10. Bxd4 exd4 11. Nd5 fxe4 12. dxe4 Nxd5 13. exd5 d3 14.
Nf4 Rxf4 15. gxf4 Qf6 16. Qxd3 Qxb2 17. d6 Bxg2 18. Kxg2 c6 19. Rae1 Rf8
20. Re7 Rxf4 21. Rxd7 Rxf2+ 22. Rxf2 Qxf2+ 23. Kh3 Qf6 24. Rxa7 Bxd6 25.
Ra8+ Kf7 26. Ra7+ Kg8 27. Ra8+ Kf7 28. Ra7+ Kg8 1/2-1/2